000 00469nam a2200181Ia 4500
008 230524s9999 xx 000 0 und d
020 _a8185015821
082 _a530
_bRIC
100 _aRichard P.Feynman
245 4 _aThe Feynman Lectures on Physics Vol-1
250 _a11TH
260 _aNEW DELHI
_bNarosa
_c2003
300 _aXXVI;665+54
500 _aQuantity Number: 4
650 _aPhysics
700 _a"Robert B.Leighton , Mathu Sands,,,"
942 _cBK
999 _c25608
_d25608